书目信息 |
| 题名: |
那些年 我们一起追过的男孩
|
|
| 作者: | 乔花娜 著 | |
| 分册: | ||
| 出版信息: | 北京 中国华侨出版社 2014.10 |
|
| 页数: | 296页 | |
| 开本: | 21cm | |
| 丛书名: | ||
| 单 册: | ||
| 中图分类: | I247.57 | |
| 科图分类: | ||
| 主题词: | 言情小说--yan qing xiao shuo--中国--当代 , 长篇小说--chang pian xiao shuo--中国--当代 | |
| 电子资源: | ||
| ISBN: | 978-7-5113-4855-5 | |
| 000 | 00992nam0 2200253 450 | |
| 001 | CAL 0120141397487 | |
| 005 | 20150822132544.81 | |
| 010 | @a978-7-5113-4855-5@dCNY29.80 | |
| 100 | @a20141016d2014 em y0chiy50 ea | |
| 101 | 0 | @achi |
| 102 | @aCN@b110000 | |
| 105 | @ay z 000ay | |
| 106 | @ar | |
| 200 | 1 | @a那些年 我们一起追过的男孩@Ana xie nian wo men yi qi zhui guo de nan hai@f乔花娜著 |
| 210 | @a北京@c中国华侨出版社@d2014.10 | |
| 215 | @a296页@d21cm | |
| 330 | @a少女夭夭一直都很喜欢游伊西, 但是碍于他有自己的女朋友, 所以只能做他们两个的“小跟班”。直到有一天, 游伊西向夭夭表白, 她得知原来他爱的竟是自己。就在两个人就要结婚时, 一张母亲的照片让他们陷入了无端的误会中, 经过探根究底, 这才修得了美好的结局…… | |
| 586 | @a | |
| 606 | 0 | @a言情小说@Ayan qing xiao shuo@y中国@z当代 |
| 606 | 0 | @a长篇小说@Achang pian xiao shuo@y中国@z当代 |
| 690 | @aI247.57@v5 | |
| 701 | 0 | @a乔花娜@Aqiao hua na@4著 |
| 801 | 0 | @aCN@c20150820 |
| 905 | @a河南城建学院图书馆@dI247.57@eQ3231@f3 | |
| 那些年 我们一起追过的男孩/乔花娜著.-北京:中国华侨出版社,2014.10 |
| 296页;21cm |
| ISBN 978-7-5113-4855-5:CNY29.80 |
| 少女夭夭一直都很喜欢游伊西, 但是碍于他有自己的女朋友, 所以只能做他们两个的“小跟班”。直到有一天, 游伊西向夭夭表白, 她得知原来他爱的竟是自己。就在两个人就要结婚时, 一张母亲的照片让他们陷入了无端的误会中, 经过探根究底, 这才修得了美好的结局…… |
| ● |
| 相关链接 |
|
|
|
正题名:那些年 我们一起追过的男孩
索取号:I247.57/Q3231
 
预约/预借
| 序号 | 登录号 | 条形码 | 馆藏地/架位号 | 状态 | 备注 |
| 1 | 1168227 | 211682277 | 社科二线422/422社科库 50排3列4层/ [索取号:I247.57/Q3231] | 在馆 | |
| 2 | 1168228 | 211682286 | 文学库108/108文学库 51排5列3层/ [索取号:I247.57/Q3231] | 在馆 | |
| 3 | 1168229 | 211682295 | 文学库108/108文学库 51排5列3层/ [索取号:I247.57/Q3231] | 在馆 |